000 00391nam a2200145Ia 4500
008 240729s9999 xx 000 0 und d
022 _a2357-061X
245 0 _aJournal of High Institute of Public Health
260 _aEgypt
260 _bAlexandria University
650 _aMedicine
856 _uhttps://doaj.org/toc/cb8e638eedd4480abdc6c7b39d556d53
942 _2ddc
942 _cDOAJEJ
999 _c69827
_d69827
945 _a1
_bMadushi Gamage
_c1
_dMadushi Gamage